000 00512nam a2200181Ia 4500
005 20250508161715.0
008 008 250505s9999 xx 000 0 eng d
037 _aTextual
040 _aFEDL
_beng
_cFEDL
041 _aeng
_2eng
084 _a378, BUR
_qFEDL
100 _aBudig Gene A Ed.
_9771417
245 0 _aPerceptions in public higher education
260 _aLincoln
_bUniversity of Nebraska Press
_c1970
300 _axiii,163p
942 _cTEXL
_h378, BUR
999 _c1371654
_d1371654